• 首页
  • 本馆介绍
  • 公告通知
  • 最新文献
  • 馆藏检索
  • 电子资源
  • 读者导购
  • 参考咨询
  • 我的图书馆
  • 登录
  • 详细信息显示
  • 放入我的书架
  • 预约/预借图书
  • 作者相关作品
  • 分类相关作品
  • 丛书相关作品
  • 出版社相关作品

书目信息

  • 表格格式
  • 工作单格式
  • 卡片格式
题名:
奥尼尔
    
 
作者: [加拿大]迈克尔.鲍恩 , [加拿大]鲍恩 著€
分册:  
出版信息: 沈阳   辽宁教育出版社  1999.9
页数: 74页
开本: 32开
丛书名: 体育明星系列
单 册:
中图分类: K815.47-51
科图分类:
主题词: 奥尼尔--生平事迹
电子资源:
ISBN: 7-5382-5592-3
000 00706nam0 2200229 45
001 0005261025
005 20031219104045.5
010    @a7-5382-5592-3@dCNY4.80
100    @a20000526d1999 km y0chiy0120 ea
101    @achi
105    @a z 000yy
200 1  @a奥尼尔@f[加拿大]鲍恩(Boughn,M.)著;葛新译@F[Jia Na Da]Bao En(Boughn,M.)Zhu;Ge Xin Yi
210    @a沈阳@c辽宁教育出版社@d1999.9
215    @a74页@c冠图@d32开
225    @a体育明星系列
410    @12001 @a体育明星系列
606 0  @a奥尼尔@x生平事迹
690    @aK815.47-51@v1
701    @a[加拿大]迈克尔.鲍恩@4著€@a葛新@4译
701  0 @a[加拿大]鲍恩@bBoughn,M.@4著
801    @aCN@bTSTC@c20000526
905    @f5@b288969-973@dK815.47-51@e58:9
    
    奥尼尔/[加拿大]鲍恩(Boughn,M.)著;葛新译.-沈阳:辽宁教育出版社,1999.9
    74页:冠图;32开.-(体育明星系列)
    
    
    ISBN 7-5382-5592-3:CNY4.80
    
●
相关链接 在E读中查询图书 在五车中查询图书 在当当中查询图书 在豆瓣中查询图书


正题名:奥尼尔     索取号:K815.47-51/58:9         预约/预借

序号 登录号 条形码 馆藏地/架位号 状态 备注
1 0288969   002889690   第二借阅区/ [索取号:K815.47-51/58:9] 在馆    
2 0288970   002889707   第二借阅区/ [索取号:K815.47-51/58:9] 在馆    
3 0288971   002889716   第二借阅区/ [索取号:K815.47-51/58:9] 在馆    
4 0288972   002889725   第二借阅区/ [索取号:K815.47-51/58:9] 在馆    
5 0288973   002889734   第二样本阅览室/ [索取号:K815.47-51/58:9] 在馆    
唐山师范学院图书馆 欢迎您!
大连网信软件有限公司© 版权所有